| 000 | 01160nam a2200277 i 4500 | ||
|---|---|---|---|
| 001 | 157618 | ||
| 003 | ES-MaACL | ||
| 005 | 20250821111655.0 | ||
| 008 | 931025s1734 ne ax |||| | fre d | ||
| 040 |
_aCAM _bspa _cPAB |
||
| 100 | 1 |
_aLeti, Gregorio. _9128911 |
|
| 245 | 1 | 3 |
_aLa vie de Philippe II roi d'Espagne / _ctraduite de l'italien de Gregorio Leti ; par J.-G. de Chevri'eres] ; tome premier. |
| 260 |
_aAmsterdam : _bchez Pierre Mortier, _c1734. |
||
| 300 |
_a[10], 543 p., [1] h. de grab. : _bil. ; _c12º. |
||
| 594 | 1 | _aTrad. tomado de Palau, 136730. | |
| 597 | 1 | _aSign. : [ ]\p1\s, *\p4\s, A-Y\p1\s2, Z\p8\s. | |
| 599 | 1 | _aLa h. de grab. calc. : "A. Vander Werff pinx, F. Morellon la Cave sculp. 1733", retrato de Felipe II. | |
| 599 | 1 | _aIl. calc. : "L.F.D.B. inv., F.M. La Cave Sculp. 1734", alegórica. | |
| 600 | 0 | 4 |
_aFelipe _bII, _cRey de España _949175 |
| 700 | 1 | 1 |
_aChevri'eres, J.-G. de, _etrad. _9126480 |
| 700 | 1 | 1 |
_aMortier, Pieter, _eimp. _9130223 |
| 752 |
_aHolanda - _dAmsterdam |
||
| 852 |
_aES-MaACL _jR-1240-45 _z-- Enc. piel _x Olim: G-10759-64 |
||
| 999 |
_c157618 _d157618 |
||